| 000 | 00372nam a2200133Ia 4500 | ||
|---|---|---|---|
| 008 | 230312s9999||||xx |||||||||||||| ||und|| | ||
| 082 |
_a297 _bISL |
||
| 245 | 0 | _a)اسلامیات لازمی ڈگری کلاسوں کیلۓIslamiat Lazmi Degree Classes K Lia | |
| 260 |
_bJadeed Book Depo _aLahore _c1995 |
||
| 300 | _a277 | ||
| 546 | _aUrdu | ||
| 650 | _aLiterature | ||
| 942 | _cBK | ||
| 999 |
_c53 _d53 |
||